Neuropsicología y adicción a drogas (Record no. 155176)

MARC details
000 -CABECERA
campo de control de longitud fija 00695nab a2200253 a 4500
005 - FECHA Y HORA DE LA ÚLTIMA TRANSACCIÓN
campo de control 20210219161327.0
008 - ELEMENTOS DE LONGITUD FIJA--INFORMACIÓN GENERAL
campo de control de longitud fija 991125s1985 mx 000 0 spa u
035 ## - NÚMERO DE CONTROL DEL SISTEMA
Número de control de sistema UPN01000183073
100 1# - ASIENTO PRINCIPAL--NOMBRE PERSONAL
Nombre de persona García Fernández, Gloria
222 ## - TÍTULO CLAVE
Título clave PAPELES DEL PSICOLOGO
245 ## - MENCIÓN DE TÍTULO
Título Neuropsicología y adicción a drogas
260 ## - PUBLICACIÓN, DISTRIBUCIÓN, ETC.
Lugar de publicación, distribución, etc. Madrid, España
300 ## - DESCRIPCIÓN FÍSICA
Extensión 159-165
362 0# - FECHAS DE PUBLICACIÓN Y/O DESIGNACIÓN SECUENCIAL
Fecha de publicación y/o designación secuencial 2011 Vol. 32, no. 2, may.-ago.
653 0# - TERMINO DE INDIZACION - NO CONTROLADO
Término no controlado DROGADICCION
653 0# - TERMINO DE INDIZACION - NO CONTROLADO
Término no controlado NEUROPSICOLOGIA
653 0# - TERMINO DE INDIZACION - NO CONTROLADO
Término no controlado FUNCIONES EJECUTIVAS
653 0# - TERMINO DE INDIZACION - NO CONTROLADO
Término no controlado TOMA DE DECISIONES
700 1# - ASIENTO SECUNDARIO--NOMBRE DE PERSONAL
Nombre de persona García Rodríguez, Olaya,
700 1# - ASIENTO SECUNDARIO--NOMBRE DE PERSONAL
Término indicativo de función/relación coaut.
700 1# - ASIENTO SECUNDARIO--NOMBRE DE PERSONAL
Nombre de persona Secades Villa, Roberto,
700 1# - ASIENTO SECUNDARIO--NOMBRE DE PERSONAL
Término indicativo de función/relación coaut.
905 ## - TIPO DE MATERIAL
Tipo de material Articulo

No items available.